| 000 | 00694nam a2200217Ia 4500 | ||
|---|---|---|---|
| 003 | GCL | ||
| 008 | 140319s9999 xx 000 0 ara d | ||
| 040 |
_aGCL / _cGCL |
||
| 082 | 0 | 4 |
_a910.1330 _bد ج |
| 100 | 1 | _aدولت احمد صادق | |
| 245 | 1 | 0 |
_aالجغرافيا السياسية / _cدولت احمد صادق |
| 700 | 1 | _aجمال الدين الدناصورى | |
| 700 | 1 | _aمحمد السيد غلاب | |
| 260 |
_a[S.N] : _bمكتبة الانجلوالمصرية ، _c1986 |
||
| 300 | _a793 ص | ||
| 490 | _a | ||
| 650 | 0 | 4 | _aالسياسة الدولية |
| 650 | 0 | 4 | _aالحدود السياسية |
| 650 | 0 | 4 | _aالجغرافيا السياسية |
| 942 |
_2ddc _cBK |
||
| 999 |
_c33093 _d33093 |
||